[Event "chess.com Junior Speed Q"]
[Site "chess.com INT"]
[Date "2020.09.09"]
[Round "1.3"]
[White "Theodorou, Nikolas"]
[Black "Moroni, Luca Jr"]
[Result "1-0"]
[WhiteTitle "IM"]
[BlackTitle "GM"]
[WhiteElo "2554"]
[BlackElo "2530"]
[WhiteFideId "4262875"]
[BlackFideId "865834"]
[EventDate "2020.09.09"]

1. d4 Nf6 2. c4 e6 3. g3 d5 4. Bg2 dxc4 5. Nf3 c5 6. O-O Nc6 7. Ne5 Bd7 8. Nxc4
cxd4 9. Bf4 Be7 10. Nd6+ Kf8 11. Nxb7 Qb6 12. Nd6 Nh5 13. Nc4 Qc5 14. Ne5 Nxe5
15. Bxe5 Qxe5 16. Bxa8 g6 17. Nd2 Qb8 18. Bf3 Nf6 19. Qb3 Qd8 20. Nc4 Kg7 21.
Rfd1 Qc7 22. Rac1 Rb8 23. Qd3 e5 24. Bg2 Bf5 25. Qd2 Be6 26. Na5 Qd6 27. Nc6 Rb6
28. Nxe7 Qxe7 29. Qa5 Qd6 30. b3 Ra6 31. Qd2 Nd5 32. e3 Nc3 33. Rxc3 dxc3 34.
Qxd6 c2 1-0

[Event "chess.com Junior Speed Q"]
[Site "chess.com INT"]
[Date "2020.09.09"]
[Round "1.4"]
[White "Moroni, Luca Jr"]
[Black "Theodorou, Nikolas"]
[Result "0-1"]
[WhiteTitle "GM"]
[BlackTitle "IM"]
[WhiteElo "2530"]
[BlackElo "2554"]
[WhiteFideId "865834"]
[BlackFideId "4262875"]
[EventDate "2020.09.09"]

1. d4 Nf6 2. c4 g6 3. Nc3 Bg7 4. e4 O-O 5. Bd3 d6 6. Nge2 e5 7. d5 Ng4 8. f3 Nh6
9. h4 f5 10. Bg5 Qe8 11. h5 Nf7 12. Bd2 f4 13. hxg6 hxg6 14. Qc2 Na6 15. a3 Nc5
16. b4 Nxd3+ 17. Qxd3 a5 18. b5 Qe7 19. O-O-O Bd7 20. a4 Bf6 21. Kb2 Kg7 22.
Rdg1 Rh8 23. Qb1 b6 24. Rxh8 Rxh8 25. Rh1 Qd8 26. Qg1 g5 27. g4 Rxh1 28. Qxh1
Qh8 29. Qxh8+ Nxh8 30. Be1 Ng6 31. Kc2 Ne7 32. Nb1 Ng8 33. Nd2 Nh6 34. Ng1 Kg6
35. Nb3 Nxg4 36. fxg4 Bxg4 37. Nxa5 bxa5 38. Bxa5 Bc8 39. Bxc7 g4 40. Bxd6 f3
41. Bc5 Bh4 42. b6 f2 43. Bxf2 Bxf2 44. Ne2 Bxb6 45. Kb3 Bc5 46. a5 Kg5 47. Ka4
Ba6 48. Ng3 Kf4 49. Nf5 g3 50. d6 Bxd6 0-1

[Event "chess.com Junior Speed Q"]
[Site "chess.com INT"]
[Date "2020.09.09"]
[Round "1.5"]
[White "Theodorou, Nikolas"]
[Black "Moroni, Luca Jr"]
[Result "1-0"]
[WhiteTitle "IM"]
[BlackTitle "GM"]
[WhiteElo "2554"]
[BlackElo "2530"]
[WhiteFideId "4262875"]
[BlackFideId "865834"]
[EventDate "2020.09.09"]

1. d4 d5 2. c4 e6 3. Nf3 a6 4. g3 dxc4 5. Bg2 b5 6. Ne5 c6 7. O-O Bb7 8. Nc3 Nf6
9. e4 Nbd7 10. Nxd7 Qxd7 11. e5 Nd5 12. Ne4 Rc8 13. b3 cxb3 14. axb3 c5 15. dxc5
Bxc5 16. Qg4 Bf8 17. Ba3 b4 18. Bb2 h5 19. Qg5 Rc2 20. Nd6+ Bxd6 21. Qxg7 Rf8
22. exd6 f6 23. Qg6+ 1-0

[Event "chess.com Junior Speed Q"]
[Site "chess.com INT"]
[Date "2020.09.09"]
[Round "1.6"]
[White "Moroni, Luca Jr"]
[Black "Theodorou, Nikolas"]
[Result "0-1"]
[WhiteTitle "GM"]
[BlackTitle "IM"]
[WhiteElo "2530"]
[BlackElo "2554"]
[WhiteFideId "865834"]
[BlackFideId "4262875"]
[EventDate "2020.09.09"]

1. d4 b6 2. e4 Bb7 3. Bd3 d6 4. c4 Nd7 5. Nc3 e5 6. d5 g6 7. Nge2 Bh6 8. Bxh6
Nxh6 9. Qd2 Ng4 10. f3 Ngf6 11. O-O-O Qe7 12. g4 O-O-O 13. b4 Kb8 14. Kb2 h5 15.
h3 Nh7 16. h4 hxg4 17. fxg4 Nhf6 18. Rdg1 Rh7 19. h5 Rdh8 20. h6 Ng8 21. g5 f6
22. Nd1 fxg5 23. Qxg5 Rxh6 24. Rxh6 Rxh6 25. Kc2 Bc8 26. Ne3 Qxg5 27. Rxg5 Ne7
28. Rg2 Rh3 29. Ng4 a5 30. a3 axb4 31. axb4 Rh1 32. Rf2 Rh7 33. Kd2 Rg7 34. Rh2
Ng8 35. Rf2 Kb7 36. Ng3 Nb8 37. Ne3 Nh6 38. c5 bxc5 39. bxc5 dxc5 40. Bb5 c6 41.
dxc6+ Nxc6 42. Bxc6+ Kxc6 43. Rf6+ Kb7 44. Nd5 Ng4 45. Rb6+ Ka7 46. Rc6 Bb7 47.
Rxc5 Rd7 48. Kc3 Nf2 49. Ra5+ Kb8 50. Kc4 Rd6 51. Rc5 Ba6+ 52. Kb4 Nd3+ 53. Ka5
Nxc5 0-1

[Event "chess.com Junior Speed Q"]
[Site "chess.com INT"]
[Date "2020.09.09"]
[Round "1.7"]
[White "Theodorou, Nikolas"]
[Black "Moroni, Luca Jr"]
[Result "1/2-1/2"]
[WhiteTitle "IM"]
[BlackTitle "GM"]
[WhiteElo "2554"]
[BlackElo "2530"]
[WhiteFideId "4262875"]
[BlackFideId "865834"]
[EventDate "2020.09.09"]

1. e4 e5 2. Nc3 Nc6 3. f4 d6 4. Nf3 g6 5. Bb5 Bg7 6. O-O Ne7 7. d3 O-O 8. a3 f5
9. Bc4+ Kh8 10. Ng5 Qe8 11. Nb5 Qd8 12. Nf7+ Rxf7 13. Bxf7 exf4 14. Bxf4 Bxb2
15. c3 Bxa1 16. Qxa1 Ne5 17. c4 Nc6 18. Bd5 Qe7 19. c5 g5 20. cxd6 cxd6 21. Bg3
f4 22. Bf2 a6 23. Nd4 Bd7 24. Nf3 g4 25. Bh4 Qg7 26. Nxe5 dxe5 27. Rxf4 Rf8 28.
Rxf8+ Qxf8 29. Bg3 Qc5+ 30. Kh1 h6 31. Bxe5+ Kh7 32. Bh8 Qf8 33. Bc3 Qf2 34. Qg1
Qc2 35. Qe1 Qxd3 36. Ba1 Ne7 37. Ba2 Qxa3 38. Bb1 Kg8 39. e5 Qb3 40. e6 Qxe6 41.
Qc1 Qf7 42. Bc2 Be6 43. Kg1 Nd5 44. Qb2 Kf8 45. Qa3+ Ke8 46. Qd6 Nf4 47. Qb8+
Ke7 48. Bd1 Nd5 49. Qxb7+ Kf8 50. Qa8+ Qe8 51. Bg7+ Kf7 52. Qxe8+ Kxe8 53. Bxh6
Kf7 54. Bd2 Nb6 55. Kf2 Nc4 56. Bc3 a5 57. Bb3 Kg6 58. Bxa5 Nxa5 59. Bxe6 Kg5
60. Kg3 Nc6 61. Bxg4 Nd4 62. h4+ Kh6 63. Bd1 Nf5+ 64. Kh3 Ne3 65. g4 Nxd1 66.
Kg3 Ne3 67. Kf4 Nxg4 68. Kxg4 Kg6 69. h5+ Kh7 70. Kh4 Kh8 71. Kg5 Kg8 72. h6 Kh8
73. Kh5 Kg8 74. Kg6 Kh8 75. h7 1/2-1/2

[Event "chess.com Junior Speed Q"]
[Site "chess.com INT"]
[Date "2020.09.09"]
[Round "1.8"]
[White "Moroni, Luca Jr"]
[Black "Theodorou, Nikolas"]
[Result "0-1"]
[WhiteTitle "GM"]
[BlackTitle "IM"]
[WhiteElo "2530"]
[BlackElo "2554"]
[WhiteFideId "865834"]
[BlackFideId "4262875"]
[EventDate "2020.09.09"]

1. Nf3 b6 2. g3 Bb7 3. Bg2 Nf6 4. O-O g6 5. c4 Bg7 6. b3 Ne4 7. d4 O-O 8. Bb2 e6
9. Nbd2 f5 10. Qc2 Na6 11. a3 Qe7 12. Rad1 Rae8 13. Ne5 d6 14. Nd3 d5 15. cxd5
exd5 16. Ne5 c5 17. f4 Nc7 18. Nxe4 fxe4 19. dxc5 bxc5 20. e3 Rc8 21. Qd2 Rfd8
22. b4 Ba6 23. Rf2 Ne6 24. f5 gxf5 25. Rxf5 d4 26. bxc5 dxe3 27. Qe1 e2 28. Rc1
Rxc5 29. Bxe4 Rxc1 30. Bxc1 Rd1 31. Bd2 Rxe1+ 32. Bxe1 Qc5+ 33. Kg2 Bxe5 0-1

[Event "chess.com Junior Speed Q"]
[Site "chess.com INT"]
[Date "2020.09.09"]
[Round "1.9"]
[White "Theodorou, Nikolas"]
[Black "Moroni, Luca Jr"]
[Result "0-1"]
[WhiteTitle "IM"]
[BlackTitle "GM"]
[WhiteElo "2554"]
[BlackElo "2530"]
[WhiteFideId "4262875"]
[BlackFideId "865834"]
[EventDate "2020.09.09"]

1. d4 g6 2. c4 Bg7 3. Nf3 d6 4. g3 Nf6 5. Bg2 O-O 6. O-O Nbd7 7. Nc3 e5 8. e4
exd4 9. Nxd4 Re8 10. h3 Nc5 11. Re1 Bd7 12. Kh2 Qc8 13. Bf4 Nh5 14. Be3 Nf6 15.
Bf4 a5 16. Ndb5 Ne6 17. Be3 h6 18. Rc1 Ng5 19. Bxg5 hxg5 20. Nd5 Nxd5 21. exd5
Bxb2 22. Rxe8+ Bxe8 23. Rc2 Bf6 24. a4 Bd7 25. c5 Bxb5 26. axb5 dxc5 27. Rxc5
Be5 28. b6 Qd7 29. bxc7 Bxc7 30. Qc1 Bd6 31. Rc4 a4 32. Qxg5 a3 33. Qf6 Qe7 34.
Qa1 Qe5 35. Qa2 Qb2 36. Rc2 Qxa2 37. Rxa2 b5 38. Bf1 b4 39. Bc4 Rc8 0-1

[Event "chess.com Junior Speed Q"]
[Site "chess.com INT"]
[Date "2020.09.09"]
[Round "1.10"]
[White "Moroni, Luca Jr"]
[Black "Theodorou, Nikolas"]
[Result "0-1"]
[WhiteTitle "GM"]
[BlackTitle "IM"]
[WhiteElo "2530"]
[BlackElo "2554"]
[WhiteFideId "865834"]
[BlackFideId "4262875"]
[EventDate "2020.09.09"]

1. g3 Nf6 2. Bg2 g6 3. b3 Bg7 4. Bb2 O-O 5. Nf3 d5 6. d4 c5 7. O-O cxd4 8. Bxd4
Nc6 9. Bb2 Bf5 10. Nbd2 Rc8 11. c4 d4 12. Nh4 Bg4 13. h3 Bd7 14. a3 a5 15. Kh2
e5 16. Nhf3 Re8 17. Ne1 e4 18. Nc2 Qb6 19. Rb1 d3 20. exd3 exd3 21. Ne3 Rcd8 22.
Qf3 Nd4 23. Bxd4 Qxd4 24. Qxb7 h5 25. Qf3 h4 26. g4 Nh7 27. Rfe1 Ng5 28. Qd5
Qf4+ 29. Kh1 Bxg4 30. Nxg4 Rxe1+ 31. Rxe1 Rxd5 32. cxd5 Qxd2 33. Rf1 Qf4 34. Rd1
d2 35. Kg1 Bf8 36. Kf1 Bxa3 37. Ne3 Bc5 38. Ke2 Bb4 39. Nc4 Ne4 40. Bxe4 Qxe4+
41. Ne3 Kg7 42. Rg1 Qe5 43. Rd1 Qb2 44. d6 Bxd6 45. Rxd2 Qf6 46. Rd5 Bb4 47. Nc4
Qe6+ 48. Re5 Qxh3 49. Ne3 Qd7 50. Rg5 h3 51. Kf3 Qc6+ 52. Kg3 Qh1 53. Rg4 Bd6+
54. Kh4 Be7+ 55. Kg3 h2 56. Nf5+ Kf6 0-1

[Event "chess.com Junior Speed Q"]
[Site "chess.com INT"]
[Date "2020.09.09"]
[Round "1.11"]
[White "Theodorou, Nikolas"]
[Black "Moroni, Luca Jr"]
[Result "0-1"]
[WhiteTitle "IM"]
[BlackTitle "GM"]
[WhiteElo "2554"]
[BlackElo "2530"]
[WhiteFideId "4262875"]
[BlackFideId "865834"]
[EventDate "2020.09.09"]

1. e4 g6 2. d4 Bg7 3. h4 d6 4. h5 c6 5. Nc3 b5 6. h6 Bf6 7. Nf3 b4 8. Ne2 Nd7 9.
Nf4 e5 10. dxe5 Nxe5 11. Nxe5 Bxe5 12. Bc4 Ne7 13. Nd3 Bd4 14. Nxb4 Qb6 15. Nd3
d5 16. exd5 cxd5 17. Bb3 Ba6 18. O-O O-O 19. Bf4 Nf5 20. c3 Bh8 21. Bxd5 Rad8
22. c4 Ne7 23. Bg5 Bf6 24. Bxf6 Qxf6 25. Be4 Bxc4 26. Qc2 Bxd3 27. Bxd3 Qh4 28.
Rfe1 Nd5 29. Qc4 Qxh6 30. Rad1 Nf4 31. Bf1 Qg5 32. g3 Ne6 33. Rxd8 Rxd8 34. Qc3
Qd5 35. Bg2 Qd2 36. a4 Qxc3 37. bxc3 Rd3 38. Rc1 Nc5 39. a5 Nb3 40. Rc2 Nxa5 41.
Ra2 Nc4 42. Rxa7 Rxc3 43. Rc7 Rc1+ 44. Kh2 Rc2 45. Kg1 Na3 46. Ra7 Nb5 47. Rb7
Nd6 48. Rb8+ Kg7 49. Bd5 Rc5 50. Bf3 Rf5 51. Kg2 Nc4 52. Rb7 Ne5 53. Bd5 Ng4 54.
Bc4 Rxf2+ 55. Kg1 Rf6 56. Bf1 Ne5 57. Be2 Nf3+ 58. Bxf3 Rxf3 59. Kg2 Rf6 60. Rb4
h5 61. g4 hxg4 62. Rxg4 Rf5 63. Ra4 Kf6 64. Kg3 Re5 65. Ra6+ Kg5 66. Ra8 f5 67.
Kf3 Rb5 68. Ra3 Rb6 69. Ra5 Kf6 70. Ra8 Rb3+ 71. Kf2 Kg5 72. Ra6 f4 73. Rb6 Rxb6 0-1

[Event "chess.com Junior Speed Q"]
[Site "chess.com INT"]
[Date "2020.09.09"]
[Round "1.12"]
[White "Moroni, Luca Jr"]
[Black "Theodorou, Nikolas"]
[Result "1-0"]
[WhiteTitle "GM"]
[BlackTitle "IM"]
[WhiteElo "2530"]
[BlackElo "2554"]
[WhiteFideId "865834"]
[BlackFideId "4262875"]
[EventDate "2020.09.09"]

1. Nf3 Nf6 2. d4 g6 3. g3 Bg7 4. Bg2 O-O 5. b3 d6 6. Bb2 Nc6 7. O-O e5 8. dxe5
Ng4 9. c4 dxe5 10. Qc1 e4 11. Bxg7 exf3 12. exf3 Kxg7 13. fxg4 Bxg4 14. Nc3 Kg8
15. Qf4 Qd4 16. Nd5 Qxf4 17. gxf4 Kg7 18. Nxc7 Rad8 19. Nd5 Nd4 20. h3 Be2 21.
Rfc1 Nf3+ 22. Kh1 Rfe8 23. Rc3 Nh4 24. Re3 Nf5 25. Rxe8 Rxe8 26. Re1 Nh4 27. Nc3
Nxg2 28. Rxe2 Rxe2 29. Nxe2 Nh4 30. Kh2 Kf6 31. Kg3 Nf5+ 32. Kf3 h5 33. Ke4 Ke6
34. Nd4+ Nxd4 35. Kxd4 Kd6 36. b4 b6 37. h4 f6 38. c5+ bxc5+ 39. bxc5+ Kc6 40.
Kc4 a6 41. a3 1-0

[Event "chess.com Junior Speed Q"]
[Site "chess.com INT"]
[Date "2020.09.09"]
[Round "1.13"]
[White "Theodorou, Nikolas"]
[Black "Moroni, Luca Jr"]
[Result "0-1"]
[WhiteTitle "IM"]
[BlackTitle "GM"]
[WhiteElo "2554"]
[BlackElo "2530"]
[WhiteFideId "4262875"]
[BlackFideId "865834"]
[EventDate "2020.09.09"]

1. e4 e5 2. Nc3 Nc6 3. f4 exf4 4. d4 g5 5. Bc4 Bg7 6. e5 d6 7. Qh5 Nh6 8. Nf3
Bg4 9. Qxg5 Qxg5 10. Nxg5 dxe5 11. dxe5 Nxe5 12. Bb3 f3 13. O-O fxg2 14. Kxg2
O-O-O 15. Bf4 Ng6 16. Bg3 Rd2+ 17. Rf2 Rxf2+ 18. Kxf2 Rd8 19. Nxf7 Nxf7 0-1

[Event "chess.com Junior Speed Q"]
[Site "chess.com INT"]
[Date "2020.09.09"]
[Round "1.14"]
[White "Moroni, Luca Jr"]
[Black "Theodorou, Nikolas"]
[Result "1/2-1/2"]
[WhiteTitle "GM"]
[BlackTitle "IM"]
[WhiteElo "2530"]
[BlackElo "2554"]
[WhiteFideId "865834"]
[BlackFideId "4262875"]
[EventDate "2020.09.09"]

1. d4 Nf6 2. c4 g6 3. g3 Bg7 4. Bg2 O-O 5. Nc3 d6 6. Nf3 Nc6 7. O-O e5 8. dxe5
Nxe5 9. b3 Nxf3+ 10. Bxf3 Re8 11. Bb2 Bh3 12. Re1 c6 13. Qd2 Re6 14. Rad1 Qe7
15. Qf4 Re8 16. Rd3 Nh5 17. Qd2 Nf6 18. Rd1 Ng4 19. Rxd6 Bh6 20. Rxe6 Qxe6 21.
Bxg4 Bxd2 22. Bxe6 Bxc3 23. Bxh3 Bxb2 24. e3 Bf6 25. Rd7 Re7 26. Rd8+ Kg7 27.
Rb8 Rc7 28. Ra8 a6 29. Re8 h5 30. Kg2 Re7 31. Rc8 Be5 32. f4 Bc7 33. Kf3 f5 34.
c5 Ba5 35. Rb8 Bb4 36. e4 fxe4+ 37. Ke2 Bxc5 38. Bc8 b6 39. Bxa6 Ra7 40. Rb7+
Rxb7 41. Bxb7 Bg1 42. Bxc6 Bxh2 43. Kf2 e3+ 44. Kxe3 Bxg3 45. a4 Be1 46. Be8 Kf6
47. Ke4 h4 48. Bd7 Ba5 49. Bh3 Bb4 50. Kd5 Bd2 51. Kc6 Bxf4 52. Kxb6 Be3+ 53.
Kc7 Ke5 54. b4 Kf4 55. b5 Kg3 56. Be6 h3 57. b6 g5 58. b7 h2 59. Bd5 g4 60. b8=Q
Bf4+ 61. Kc8 Bxb8 62. Kxb8 Kf2 63. a5 g3 64. a6 g2 65. Bxg2 Kxg2 66. a7 h1=Q 67.
a8=Q+ Kg1 68. Qa1+ Kg2 69. Qg7+ Kf1 70. Kc7 Qg2 71. Qf6+ Kg1 72. Qc6 Qxc6+ 73.
Kxc6 1/2-1/2

[Event "chess.com Junior Speed Q"]
[Site "chess.com INT"]
[Date "2020.09.09"]
[Round "2.1"]
[White "Tang, Andrew"]
[Black "Nguyen, Thai Dai Van"]
[Result "1-0"]
[WhiteTitle "GM"]
[BlackTitle "GM"]
[WhiteElo "2538"]
[BlackElo "2569"]
[WhiteFideId "2059630"]
[BlackFideId "358878"]
[EventDate "2020.09.09"]

1. d4 d5 2. Bf4 Nf6 3. e3 e6 4. Nf3 Bd6 5. Nbd2 c5 6. c3 Qc7 7. Bxd6 Qxd6 8. Ne5
O-O 9. Bd3 b6 10. Qe2 a5 11. O-O Ba6 12. Bxa6 Nxa6 13. f4 a4 14. Rf3 a3 15. b3
Rfc8 16. Rh3 Nb8 17. g4 cxd4 18. g5 Nfd7 19. Qh5 Nxe5 20. Qxh7+ Kf8 21. fxe5
Qxe5 22. Qh8+ Ke7 23. Qxc8 dxc3 24. Rc1 Nd7 25. Qxc3 1-0

[Event "chess.com Junior Speed Q"]
[Site "chess.com INT"]
[Date "2020.09.09"]
[Round "2.2"]
[White "Nguyen, Thai Dai Van"]
[Black "Tang, Andrew"]
[Result "1-0"]
[WhiteTitle "GM"]
[BlackTitle "GM"]
[WhiteElo "2569"]
[BlackElo "2538"]
[WhiteFideId "358878"]
[BlackFideId "2059630"]
[EventDate "2020.09.09"]

1. d4 d5 2. c4 e6 3. Nc3 Nf6 4. cxd5 exd5 5. Bg5 Be7 6. e3 c6 7. Bd3 Nbd7 8. Qc2
Nf8 9. h3 Ne6 10. Bh4 g6 11. O-O-O b5 12. Kb1 a5 13. f4 a4 14. Nf3 Qa5 15. Ne5
Nd8 16. Bxf6 Bxf6 17. Nxc6 Nxc6 18. Nxd5 Bb7 19. Nxf6+ Kf8 20. d5 Nb4 21. Qc5+
Kg7 22. Qd4 Rhc8 23. Nh5+ Kf8 24. d6 1-0

[Event "chess.com Junior Speed Q"]
[Site "chess.com INT"]
[Date "2020.09.09"]
[Round "2.3"]
[White "Tang, Andrew"]
[Black "Nguyen, Thai Dai Van"]
[Result "1-0"]
[WhiteTitle "GM"]
[BlackTitle "GM"]
[WhiteElo "2538"]
[BlackElo "2569"]
[WhiteFideId "2059630"]
[BlackFideId "358878"]
[EventDate "2020.09.09"]

1. d4 d5 2. Bf4 Nf6 3. e3 e6 4. Nf3 c5 5. Nbd2 Nc6 6. c3 Be7 7. Ne5 Nd7 8. h4
Ndxe5 9. dxe5 Rb8 10. Qg4 Bf8 11. h5 h6 12. Bd3 c4 13. Bc2 b5 14. a3 a5 15. O-O
Bd7 16. Nf3 Qb6 17. Rfd1 b4 18. axb4 axb4 19. e4 b3 20. Bb1 Ne7 21. Be3 Qc6 22.
Ra7 Nc8 23. exd5 exd5 24. Rxd7 Qxd7 25. Bf5 Qb7 26. e6 f6 27. Qg6+ Kd8 28. Bf4
Bd6 29. e7+ Qxe7 30. Rxd5 Kc7 31. Bxc8 Bxf4 32. Rd7+ Qxd7 33. Bxd7 Rhd8 34. Qe4
Bc1 35. Be6 Rd1+ 36. Kh2 Bxb2 37. Qxc4+ Kd6 38. Qf4+ Kxe6 39. Qxb8 Bxc3 40.
Qxb3+ 1-0

[Event "chess.com Junior Speed Q"]
[Site "chess.com INT"]
[Date "2020.09.09"]
[Round "2.4"]
[White "Nguyen, Thai Dai Van"]
[Black "Tang, Andrew"]
[Result "1-0"]
[WhiteTitle "GM"]
[BlackTitle "GM"]
[WhiteElo "2569"]
[BlackElo "2538"]
[WhiteFideId "358878"]
[BlackFideId "2059630"]
[EventDate "2020.09.09"]

1. d4 d5 2. c4 e6 3. Nc3 Be7 4. Nf3 Nf6 5. g3 O-O 6. Bg2 dxc4 7. Ne5 Qd6 8. Nxc4
Qa6 9. b3 Rd8 10. O-O c5 11. a4 Rxd4 12. Qc2 Nc6 13. Nb5 Rd7 14. Ba3 Nd4 15.
Nxd4 Rxd4 16. e3 Rd8 17. Rfd1 Bd7 18. Bf1 Qc6 19. Rac1 Qc7 20. Nb2 Rac8 21. b4
Bc6 22. Rxd8+ Rxd8 23. bxc5 Ng4 24. Nc4 f5 25. h3 Ne5 26. Nxe5 Qxe5 27. Bc4 Kf7
28. Bb5 Be4 29. Qb3 h5 30. h4 g5 31. hxg5 h4 32. gxh4 Rh8 33. f4 Qg7 34. Bb2 Qh7
35. Qc3 Bf8 36. Qxh8 Qg6 37. Qf6+ 1-0

[Event "chess.com Junior Speed Q"]
[Site "chess.com INT"]
[Date "2020.09.09"]
[Round "2.5"]
[White "Tang, Andrew"]
[Black "Nguyen, Thai Dai Van"]
[Result "0-1"]
[WhiteTitle "GM"]
[BlackTitle "GM"]
[WhiteElo "2538"]
[BlackElo "2569"]
[WhiteFideId "2059630"]
[BlackFideId "358878"]
[EventDate "2020.09.09"]

1. d4 d5 2. Bf4 c5 3. e3 Nc6 4. Nf3 Bf5 5. Nbd2 e6 6. Bb5 Bd6 7. dxc5 Bxc5 8.
Nd4 Ne7 9. Nxf5 Nxf5 10. O-O O-O 11. c4 a6 12. Ba4 d4 13. e4 Nfe7 14. Nb3 Ba7
15. c5 e5 16. Bd2 Rc8 17. Rc1 Ng6 18. Qe2 Qe7 19. Qc4 Rfd8 20. g3 h5 21. h4 Nf8
22. Bg5 Qe6 23. Bxd8 Nxd8 24. Qxe6 Ndxe6 25. Bd7 Nxd7 26. Na5 Rxc5 27. Nxb7 Rb5
28. Rc8+ Kh7 29. Nd6 Rxb2 30. Nxf7 d3 31. Kg2 Bxf2 32. Re8 Bd4+ 33. Kh3 Ndc5 34.
Rh8+ Kg6 35. g4 Nf4+ 36. Rxf4 exf4 37. Rf8 hxg4+ 38. Kxg4 Rg2+ 39. Kf3 Rf2+ 40.
Kg4 Rg2+ 41. Kf3 Rg3+ 42. Kxf4 Ne6+ 43. Kxg3 Nxf8 0-1

[Event "chess.com Junior Speed Q"]
[Site "chess.com INT"]
[Date "2020.09.09"]
[Round "2.6"]
[White "Nguyen, Thai Dai Van"]
[Black "Tang, Andrew"]
[Result "1-0"]
[WhiteTitle "GM"]
[BlackTitle "GM"]
[WhiteElo "2569"]
[BlackElo "2538"]
[WhiteFideId "358878"]
[BlackFideId "2059630"]
[EventDate "2020.09.09"]

1. d4 d5 2. c4 e6 3. Nc3 Be7 4. Nf3 Nf6 5. Bg5 h6 6. Bh4 O-O 7. e3 b6 8. Rc1 Bb7
9. cxd5 Nxd5 10. Bxe7 Qxe7 11. Be2 Rc8 12. O-O c5 13. Nxd5 Bxd5 14. dxc5 Rxc5
15. Rxc5 Qxc5 16. Qd2 Nd7 17. e4 Bxe4 18. Qxd7 Bd5 19. Ne5 Rf8 20. Bh5 g6 21.
Nxg6 fxg6 22. Bxg6 1-0

[Event "chess.com Junior Speed Q"]
[Site "chess.com INT"]
[Date "2020.09.09"]
[Round "2.7"]
[White "Tang, Andrew"]
[Black "Nguyen, Thai Dai Van"]
[Result "1-0"]
[WhiteTitle "GM"]
[BlackTitle "GM"]
[WhiteElo "2538"]
[BlackElo "2569"]
[WhiteFideId "2059630"]
[BlackFideId "358878"]
[EventDate "2020.09.09"]

1. d4 d5 2. Bf4 c5 3. e3 Nc6 4. Nf3 Bf5 5. dxc5 e6 6. Nd4 Bxc5 7. Nxf5 exf5 8.
Bd3 Nge7 9. Nd2 O-O 10. O-O d4 11. e4 fxe4 12. Nxe4 Bb6 13. Re1 Nd5 14. Bg5 Qd7
15. Qh5 f5 16. Ng3 g6 17. Qh4 Rae8 18. a3 Bd8 19. Bc4 Bxg5 20. Qxg5 Ne5 21. Bb3
Nf7 22. Qh4 Kg7 23. Qxd4+ Nf6 24. Qf4 Qd6 25. Qf3 b6 26. Bxf7 Rxf7 27. Qxf5
Rxe1+ 28. Rxe1 Re7 29. Rxe7+ Qxe7 30. Qd3 Qe1+ 31. Nf1 Ne4 32. Qe3 Qxe3 33. Nxe3
Nd2 34. f3 Kf6 35. Kf2 Ke5 36. Ke2 Nb1 37. Kd3 b5 38. c3 Kf4 39. Nf1 1-0

[Event "chess.com Junior Speed Q"]
[Site "chess.com INT"]
[Date "2020.09.09"]
[Round "2.8"]
[White "Nguyen, Thai Dai Van"]
[Black "Tang, Andrew"]
[Result "1/2-1/2"]
[WhiteTitle "GM"]
[BlackTitle "GM"]
[WhiteElo "2569"]
[BlackElo "2538"]
[WhiteFideId "358878"]
[BlackFideId "2059630"]
[EventDate "2020.09.09"]

1. d4 d5 2. c4 e6 3. Nc3 Be7 4. Nf3 Nf6 5. g3 O-O 6. Bg2 c6 7. O-O Nbd7 8. b3 b6
9. Qc2 Ba6 10. Rd1 Rc8 11. e4 dxc4 12. Nd2 c5 13. d5 exd5 14. exd5 Ne5 15. bxc4
Nxc4 16. Nxc4 Bxc4 17. d6 Bxd6 18. Bf4 Bxf4 19. Rxd8 Rcxd8 20. gxf4 Rd4 21. Rd1
Rxf4 22. Ne2 Bxe2 23. Qxe2 Re8 24. Qc2 g6 25. Qc3 Ng4 26. Re1 Rd8 27. Qg3 Rfd4
28. h3 Nf6 29. Qe5 Kg7 30. Qg3 b5 31. Kh2 a6 32. Qc7 c4 33. Re7 R4d7 34. Rxd7
Rxd7 35. Qc6 Rd2 36. Qxa6 c3 37. Qxb5 Rxf2 38. Qc5 Rxa2 39. Qxc3 h5 40. Kg3 Re2
41. Bf3 Re6 42. Qd4 Kg8 43. Qd8+ Kg7 44. Qd4 Kg8 45. Qc3 Kg7 46. Qb2 Kg8 47. Qa1
Nh7 48. Bd5 Rf6 49. Qa8+ Kg7 50. Qa1 Nf8 51. Qd4 Nh7 52. h4 Nf8 53. Bc4 Nh7 54.
Bd5 Nf8 55. Be4 Ne6 56. Qe3 Nf8 57. Qd4 Ne6 58. Qc3 Nf8 59. Bd5 Nh7 60. Bf3 Nf8
61. Kf2 Ne6 62. Ke3 Nf8 63. Be4 Ne6 64. Qe5 Nf8 65. Qc3 Nd7 66. Qd4 Nf8 67. Bd5
Nh7 68. Kd3 Nf8 69. Kc4 Nh7 70. Be4 Nf8 71. Bd5 Nd7 72. Kd3 Nf8 73. Ke3 Nh7 74.
Kd3 Nf8 1/2-1/2

[Event "chess.com Junior Speed Q"]
[Site "chess.com INT"]
[Date "2020.09.09"]
[Round "2.9"]
[White "Tang, Andrew"]
[Black "Nguyen, Thai Dai Van"]
[Result "1-0"]
[WhiteTitle "GM"]
[BlackTitle "GM"]
[WhiteElo "2538"]
[BlackElo "2569"]
[WhiteFideId "2059630"]
[BlackFideId "358878"]
[EventDate "2020.09.09"]

1. d4 d5 2. Bf4 Nf6 3. e3 e6 4. Nf3 Bd6 5. Nbd2 O-O 6. Bd3 c5 7. c3 Nc6 8. Bg3
b6 9. e4 Be7 10. e5 Nh5 11. Ng5 Bxg5 12. Qxh5 g6 13. Qe2 cxd4 14. h4 Bxd2+ 15.
Qxd2 dxc3 16. bxc3 Ne7 17. h5 Nf5 18. Bxf5 exf5 19. Bh4 Qc7 20. Bf6 Ba6 21. Rh3
Qc4 22. O-O-O f4 23. Rdh1 g5 24. Bxg5 Rfc8 25. Bxf4 Kf8 26. Bh6+ Ke8 27. Re1 Kd7
28. Rf3 Kc6 29. Rxf7 Kb5 30. Qb2+ Ka4 31. Rf4 d4 32. Kb1 Ka5 33. Rxd4 Qxc3 34.
Bd2 Qxd2 35. Qxd2+ Kb5 36. Qb4+ Kc6 37. Rc1+ Kb7 38. Qe7+ 1-0

[Event "chess.com Junior Speed Q"]
[Site "chess.com INT"]
[Date "2020.09.09"]
[Round "2.10"]
[White "Nguyen, Thai Dai Van"]
[Black "Tang, Andrew"]
[Result "0-1"]
[WhiteTitle "GM"]
[BlackTitle "GM"]
[WhiteElo "2569"]
[BlackElo "2538"]
[WhiteFideId "358878"]
[BlackFideId "2059630"]
[EventDate "2020.09.09"]

1. d4 d5 2. c4 e6 3. Nc3 Be7 4. cxd5 exd5 5. Bf4 c6 6. e3 Bf5 7. g4 Be6 8. h4
Nd7 9. Bd3 Bxh4 10. Qb3 g5 11. Rh2 gxf4 0-1